00905nam a22001937a 4500999001500000003000400015008004100019020001800060100004200078245003600120250001200156260003700168300001000205650002100215942001200236952015500248952015400403952015400557 c9160d9160OSt201118b ||||| |||| 00| 0 eng d a9780442175900 aDay, Marion Clyde and Selbin, Joel  aTheoretical Inorganic Chemistry a2nd Ed. aNew DelhibEast West pressc2019 a590p. aB.Sc Non Medical 2ddccBK 00102ddc40708BSCNMaPIETNCRbPIETNCRd2020-11-18eKirti PrakashanfIN Rupeesg395.00kIN255l0pN245r2020-11-18 00:00:00v276.50w2020-08-05yREF 00102ddc40708BSCNMaPIETNCRbPIETNCRd2020-11-18eKirti PrakashanfIN Rupeesg395.00kIN255l0pN246r2020-11-18 00:00:00v276.50w2020-08-05yBK 00102ddc40708BSCNMaPIETNCRbPIETNCRd2020-11-18eKirti PrakashanfIN Rupeesg395.00kIN255l0pN247r2020-11-18 00:00:00v276.50w2020-08-05yBK